Normal view
MARC view
Entry Personal Name
001 - CONTROL NUMBER
- control field: 27002
003 - CONTROL NUMBER IDENTIFIER
- control field: dpl
005 - DATE AND TIME OF LATEST TRANSACTION
- control field: 20110404111306.0
008 - FIXED-LENGTH DATA ELEMENTS
- fixed length control field: 110404|||a|||||| | ||| d
040 ## - CATALOGING SOURCE
- Original cataloging agency: dpl
- Transcribing agency: dpl
100 ## - HEADING--PERSONAL NAME
- Personal name: Thakur, Anil Kumar
670 ## - SOURCE DATA FOUND
- Source citation: Work cat.: (dpl): 26835, Indian higher education and tribals :, 2010
670 ## - SOURCE DATA FOUND
- Source citation: Work cat.: (dpl): 26835, Indian higher education and tribals :, 2010
